Nghiên cứu sự phân bố và động thái của các chủng vi khuẩn Azotobacter tại đất trồng lúa thôn Thạch Bồ - xã Hòa Phong - Hòa Vang - Đà Nẵng
Tổng quan tài liệu: Sự phân bố của vi sinh vật trong môi trường đất. Động thái của vi sinh vật đất...Đối tượng và phương pháp nghiên cứu...Kết quả nghiên cứu và biện luận...
Сохранить в:
| Главный автор: | |
|---|---|
| Другие авторы: | |
| Формат: | |
| Язык: | Vietnamese |
| Опубликовано: |
Đại học Đà Nẵng
Đại học Sư phạm
2011
|
| Серии: | Báo cáo nghiên cứu khoa học
|
| Предметы: | |
| Метки: |
Добавить метку
Нет меток, Требуется 1-ая метка записи!
|
| Thư viện lưu trữ: | Mạng thư viện Đại học Đà Nẵng |
|---|
| LEADER | 01671nam a2200349 4500 | ||
|---|---|---|---|
| 001 | 000012757 | ||
| 003 | 9072 | ||
| 005 | 20120228100249.0 | ||
| 008 | 120228s2011 viesd | ||
| 041 | |a vie | ||
| 072 | |a Công trình nghiên cứu khoa học | ||
| 082 | |a 579.3 |b ĐO-P | ||
| 100 | |a Đỗ, Thị Phương |e Tác giả | ||
| 245 | |a Nghiên cứu sự phân bố và động thái của các chủng vi khuẩn Azotobacter tại đất trồng lúa thôn Thạch Bồ - xã Hòa Phong - Hòa Vang - Đà Nẵng |c Đỗ Thị Phương, Nguyễn Thị Ngọc Mai, Bùi Thị Kim Cúc, Đoàn Thị Thục Anh, Trần Thị Sa Na | ||
| 260 | |a Đại học Đà Nẵng |b Đại học Sư phạm |c 2011 | ||
| 300 | |a 41 tr. |c 29 cm |e CD | ||
| 490 | |a Báo cáo nghiên cứu khoa học | ||
| 520 | |a Tổng quan tài liệu: Sự phân bố của vi sinh vật trong môi trường đất. Động thái của vi sinh vật đất...Đối tượng và phương pháp nghiên cứu...Kết quả nghiên cứu và biện luận... | ||
| 653 | |a Sự phân bố | ||
| 653 | |a Động thái | ||
| 653 | |a Chủng vi khuẩn Azotobacter | ||
| 700 | |a Đỗ Thu Hà |c T.S |e Hướng dẫn | ||
| OWN | |a LSP | ||
| AVA | |a UDN50 |b LSP |d 579.3 ĐO-P |e available |t Error 5001 Not defined in file expand_doc_bib_avail. |f 1 |g 0 |h N |i 0 |k 1 | ||
| 999 | |a From the UDN01 | ||
| AVA | |a UDN50 |b LSP |d 579.3 ĐO-P |e available |t Error 5001 Not defined in file expand_doc_bib_avail. |f 1 |g 0 |h N |i 0 |k 1 | ||
| TYP | |a Monograph | ||
| TYP | |a Printed language | ||
| 980 | |a Mạng thư viện Đại học Đà Nẵng | ||